Statistics for CAM102 Innervation

Click here to take the quiz!

General Stats

  • This quiz has been taken 150 times
  • The average score is 23 of 35

Answer Stats

Muscle / GroupInnervation (Nerve)% Correct
Anterior ThighFemoral
81%
Posterior Leg SuperficialTibial
81%
Gluteus MaximusInferior Gluteal
79%
Lateral FootLateral Plantar
79%
Sup. Gemellus, Obturator InternusNerve to Obturator Internus
79%
Medial ThighObturator
79%
Posterior ArmRadial
79%
Anterior ArmMusculocutaneous
77%
Inf. Gemellus, Quadratus FemorisNerve to Quadratus Femoris
77%
Subscapularis, Teres MajorSubscapular
77%
Flexor Digitorum Profundus, Flexor Carpi UlnarisUlnar
77%
Anterior LegDeep Fibular
74%
Medial FootMedial Plantar
74%
PiriformisNerve to Piriformis
74%
Lateral LegSuperficial Fibular
74%
TFL, Glut. Med, Glut. MinSuperior Gluteal
74%
Latissimus DorsiThoracodorsal
74%
Posterior Leg DeepTibial
74%
Anterior Forearm Superficial, FCL, FDSMedian
72%
Deltoid, Teres MinorAxillary
70%
Brachioradialis, Extensor Carpi Radialis Longus, AnconeusRadial
70%
1st, 2nd Hand LumbricalsMedian
66%
Posterior Forearm (most of)Deep Radial
57%
Supraspinatus, InfraspinatusSuprascapular
57%
Levator Scapulae, RhomboidsDorsal Scapular
55%
Serratus AnteriorLong Thoracic
55%
Thenar EminenceMedian
55%
TrapeziusSpinal Accessory
55%
Flexor Digitorum Brevis, 1st LumbricalMedial Plantar
51%
Dorsum of FootDeep Fibular
49%
HypothenarDeep Ulnar
49%
Central Group HandDeep Ulnar
45%
Pectoralis Major and MinorLateral and Medial Pectoral
45%
Posterior ThighTibial Sciatic
38%
Biceps Femoris ShortCommon Fibular Sciatic
32%

Score Distribution

Percentile by Number Answered

Percent of People with Each Score

Your Score History

You have not taken this quiz